UBT Library

Perfect phrases for writing company announcements : (Record no. 996)

000 -LEADER
fixed length control field 00594nam a22001817a 4500
008 - FIXED-LENGTH DATA ELEMENTS--GENERAL INFORMATION
fixed length control field 150605b xxu||||| |||| 00| 0 eng d
020 ## - INTERNATIONAL STANDARD BOOK NUMBER
International Standard Book Number 9780071634526
041 0# - LANGUAGE CODE
Language code of text/sound track or separate title eng
080 ## - UNIVERSAL DECIMAL CLASSIFICATION NUMBER
Universal Decimal Classification number 658
100 1# - Rafti
Rafti Diamond, Linda Eve.
245 10 - TITLE STATEMENT
Title Perfect phrases for writing company announcements :
Statement of responsibility, etc Linda Eve Diamond and Harriet Diamond.
260 ## -
-- New York :
-- McGraw-Hill,
-- 2010.
300 ## -
-- 209 f. ;
-- 21 cm.
650 #0 -
-- Komunikim
650 #0 -
-- Biznesi
700 1# -
-- Diamond, Harriet.
942 ## - ADDED ENTRY ELEMENTS (KOHA)
Source of classification or shelving scheme
Item type Books
Holdings
Withdrawn status Lost status Source of classification or shelving scheme Damaged status Not for loan Collection code Permanent location Current location Shelving location Date acquired Total Checkouts Full call number Date last seen Price effective from Koha item type Barcode
          Koleksioni i përgjithshem UBT - Lipjan UBT - Lipjan Koleksioni i përgjithshem 06/05/2015   658 DIA 06/05/2015 06/05/2015 Books  
          Koleksioni i përgjithshem UBT - Lipjan UBT - Lipjan Koleksioni i përgjithshem 09/25/2017   37 DIA 09/25/2017 09/25/2017 Books 002-2926888
          Koleksioni i përgjithshem UBT - Lipjan UBT - Lipjan Koleksioni i përgjithshem 09/25/2017   37 DIA 09/25/2017 09/25/2017 Books 002-2926883
          Koleksioni i përgjithshem UBT - Lipjan UBT - Lipjan Koleksioni i përgjithshem 09/27/2017   37 DIA 09/27/2017 09/27/2017 Books 002-2922478
          Koleksioni i përgjithshem UBT - Lipjan UBT - Lipjan Koleksioni i përgjithshem 08/31/2018   338 DIA 08/31/2018 08/31/2018 Books 002-3011565
          Koleksioni i përgjithshem UBT - Lipjan UBT - Lipjan Koleksioni i përgjithshem 08/31/2018   338 DIA 08/31/2018 08/31/2018 Books 002-3011556
          Koleksioni i përgjithshem UBT - Lipjan UBT - Lipjan Koleksioni i përgjithshem 08/31/2018   338 DIA 08/31/2018 08/31/2018 Books 002-3011551
          Koleksioni i përgjithshem UBT - Lipjan UBT - Lipjan Koleksioni i përgjithshem 08/31/2018   338 DIA 08/31/2018 08/31/2018 Books 002-3011546
          Koleksioni i përgjithshem UBT - Lipjan UBT - Lipjan Koleksioni i përgjithshem 08/31/2018   338 DIA 08/31/2018 08/31/2018 Books 002-3011541
          Koleksioni i përgjithshem UBT - Lipjan UBT - Lipjan Koleksioni i përgjithshem 08/31/2018   338 DIA 08/31/2018 08/31/2018 Books 002-3011560
          Koleksioni i përgjithshem UBT - Lipjan UBT - Lipjan Koleksioni i përgjithshem 08/31/2018   338 DIA 08/31/2018 08/31/2018 Books 002-3011555
          Koleksioni i përgjithshem UBT - Lipjan UBT - Lipjan Koleksioni i përgjithshem 08/31/2018   338 DIA 08/31/2018 08/31/2018 Books 002-3011550
          Koleksioni i përgjithshem UBT - Lipjan UBT - Lipjan Koleksioni i përgjithshem 08/31/2018   338 DIA 08/31/2018 08/31/2018 Books 002-3011545
          Koleksioni i përgjithshem UBT - Lipjan UBT - Lipjan Koleksioni i përgjithshem 08/31/2018   338 DIA 08/31/2018 08/31/2018 Books 002-3011540
          Koleksioni i përgjithshem UBT - Lipjan UBT - Lipjan Koleksioni i përgjithshem 08/31/2018   338 DIA 08/31/2018 08/31/2018 Books 002-3011629
          Koleksioni i përgjithshem UBT - Lipjan UBT - Lipjan Koleksioni i përgjithshem 08/31/2018   338 DIA 08/31/2018 08/31/2018 Books 002-3011624
          Koleksioni i përgjithshem UBT - Lipjan UBT - Lipjan Koleksioni i përgjithshem 08/31/2018   338 DIA 08/31/2018 08/31/2018 Books 002-3011619
          Koleksioni i përgjithshem UBT - Lipjan UBT - Lipjan Koleksioni i përgjithshem 08/31/2018   338 DIA 08/31/2018 08/31/2018 Books 002-3011614
          Koleksioni i përgjithshem UBT - Lipjan UBT - Lipjan Koleksioni i përgjithshem 08/31/2018   338 DIA 08/31/2018 08/31/2018 Books 002-3011609
          Koleksioni i përgjithshem UBT - Lipjan UBT - Lipjan Koleksioni i përgjithshem 08/31/2018   338 DIA 08/31/2018 08/31/2018 Books 002-3011604
          Koleksioni i përgjithshem UBT - Lipjan UBT - Lipjan Koleksioni i përgjithshem 08/31/2018   338 DIA 08/31/2018 08/31/2018 Books 002-3011628
          Koleksioni i përgjithshem UBT - Lipjan UBT - Lipjan Koleksioni i përgjithshem 08/31/2018   338 DIA 08/31/2018 08/31/2018 Books 002-3011623
          Koleksioni i përgjithshem UBT - Lipjan UBT - Lipjan Koleksioni i përgjithshem 08/31/2018   338 DIA 08/31/2018 08/31/2018 Books 002-3011618
          Koleksioni i përgjithshem UBT - Lipjan UBT - Lipjan Koleksioni i përgjithshem 08/31/2018   338 DIA 08/31/2018 08/31/2018 Books 002-3011613
          Koleksioni i përgjithshem UBT - Lipjan UBT - Lipjan Koleksioni i përgjithshem 08/31/2018   338 DIA 08/31/2018 08/31/2018 Books 002-3011608
          Koleksioni i përgjithshem UBT - Lipjan UBT - Lipjan Koleksioni i përgjithshem 08/31/2018   338 DIA 08/31/2018 08/31/2018 Books 002-3011603
          Koleksioni i përgjithshem UBT - Lipjan UBT - Lipjan Koleksioni i përgjithshem 08/31/2018   338 DIA 08/31/2018 08/31/2018 Books 002-3011627
          Koleksioni i përgjithshem UBT - Lipjan UBT - Lipjan Koleksioni i përgjithshem 08/31/2018   338 DIA 08/31/2018 08/31/2018 Books 002-3011622
          Koleksioni i përgjithshem UBT - Lipjan UBT - Lipjan Koleksioni i përgjithshem 08/31/2018   338 DIA 08/31/2018 08/31/2018 Books 002-3011617
          Koleksioni i përgjithshem UBT - Lipjan UBT - Lipjan Koleksioni i përgjithshem 08/31/2018   338 DIA 08/31/2018 08/31/2018 Books 002-3011612
          Koleksioni i përgjithshem UBT - Lipjan UBT - Lipjan Koleksioni i përgjithshem 08/31/2018   338 DIA 08/31/2018 08/31/2018 Books 002-3011607
          Koleksioni i përgjithshem UBT - Lipjan UBT - Lipjan Koleksioni i përgjithshem 08/31/2018   338 DIA 08/31/2018 08/31/2018 Books 002-3011602
          Koleksioni i përgjithshem UBT - Lipjan UBT - Lipjan Koleksioni i përgjithshem 08/31/2018   338 DIA 08/31/2018 08/31/2018 Books 002-3011601
          Koleksioni i përgjithshem UBT - Lipjan UBT - Lipjan Koleksioni i përgjithshem 08/31/2018   338 DIA 08/31/2018 08/31/2018 Books 002-3011600
          Koleksioni i përgjithshem UBT - Lipjan UBT - Lipjan Koleksioni i përgjithshem 08/31/2018   338 DIA 08/31/2018 08/31/2018 Books 002-3011605
          Koleksioni i përgjithshem UBT - Lipjan UBT - Lipjan Koleksioni i përgjithshem 08/31/2018   338 DIA 08/31/2018 08/31/2018 Books 002-3011610
UBT Library © 2015-2024. All rights reserved University Education for Business and Technology